Introduction to Linear Algebra /
Contiene: 1) Vectores y matrices; 2) Resolución de ecuaciones lineales AX=b; 3) Los cuatro subespacios fundamentales; 4) Ortogonalidad; 5) Determinantes; 6) Autovalores y autovectores; 7) La descomposición en valores singulares (SVD); 8) Transformaciones lineales; 9) Algebra lineal en optimización;...
Shranjeno v:
| Glavni avtor: | |
|---|---|
| Format: | Knjiga |
| Jezik: | angleščina |
| Izdano: |
Wellesley, EUA :
Wellesley-Cambridge Press,
2023, c2023
|
| Teme: | |
| Oznake: |
Brez oznak, prvi označite!
|
MARC
| LEADER | 00000nam^a2200000^a^4500 | ||
|---|---|---|---|
| 001 | 000619999 | ||
| 005 | 20260302163346.0 | ||
| 009 | 20260407175326.18 | ||
| 020 | |a 978-1-7331466-7-8 | ||
| 037 | |a Acervo ITESO - Biblioteca | ||
| 041 | |a ING | ||
| 082 | |a 512. 5 |b STR | ||
| 100 | |a Strang, Gilbert |e (autor) | ||
| 245 | 1 | 0 | |a Introduction to Linear Algebra / |c G. Strang. |
| 264 | 4 | |a Wellesley, EUA : |b Wellesley-Cambridge Press, |c 2023, c2023 | |
| 300 | |a X, 430 p. | ||
| 336 | |a texto |b txt |2 rdacontenido | ||
| 337 | |a sin mediación |b n |2 rdamedio | ||
| 338 | |a volumen |b nc |2 rdasoporte | ||
| 520 | |a Contiene: 1) Vectores y matrices; 2) Resolución de ecuaciones lineales AX=b; 3) Los cuatro subespacios fundamentales; 4) Ortogonalidad; 5) Determinantes; 6) Autovalores y autovectores; 7) La descomposición en valores singulares (SVD); 8) Transformaciones lineales; 9) Algebra lineal en optimización; 10) Aprendiendo de los datos. | ||
| 521 | |a 2025 BO Licenciatura en Ingeniería en Nanotecnología | ||
| 521 | |a 2026 BO Licenciatura en Ingeniería Civil | ||
| 649 | |a XX | ||
| 650 | |a Análisis de Datos | ||
| 650 | |a Optimización Matemática | ||
| 650 | |a Funciones Ortogonales | ||
| 650 | |a Matrices (Matemáticas) | ||
| 650 | |a Algebra Vectorial | ||
| 650 | |a Algebra Lineal - |x Tema Principal | ||
| 650 | |a Algebra | ||
| 650 | |a Matemáticas | ||
| 910 | |a Fondo General | ||
| 920 | |a Impresos - Libros | ||
| 930 | |a Colección General | ||
| 905 | |a 101 | ||
| 901 | |a 619999-10 |b IT1 |c ACC |i C190593 |u 20250829 | ||
| 902 | |a https://opac.biblio.iteso.mx/vufind/Record/000619999 | ||